000
00231nam a2200121Ia 4500
100
_a
#N/A
942
_c
BK
245
_a
STRUUTS 2 WITH HIBERNATE 3 Project
260
_b
#N/A
082
_b
21556
546
_a
ENGLISH
999
_c
32470
_d
32470